Géographie du développement : Territoires et mondialisation dans les Suds (notice n° 1566666)
[ vue normale ]
| 000 -LEADER | |
|---|---|
| fixed length control field | 01557cam a2200145 4500500 |
| 005 - DATE AND TIME OF LATEST TRANSACTION | |
| control field | 20251214002007.0 |
| 041 ## - LANGUAGE CODE | |
| Language code of text/sound track or separate title | fre |
| 042 ## - AUTHENTICATION CODE | |
| Authentication code | dc |
| 100 10 - MAIN ENTRY--PERSONAL NAME | |
| Personal name | Chaléard, Jean-Louis |
| Relator term | author |
| 245 00 - TITLE STATEMENT | |
| Title | Géographie du développement : Territoires et mondialisation dans les Suds |
| 260 ## - PUBLICATION, DISTRIBUTION, ETC. | |
| Name of publisher, distributor, etc. | Armand Colin,<br/> |
| Date of publication, distribution, etc. | 2017.<br/> |
| 520 ## - SUMMARY, ETC. | |
| Summary, etc. | Qu’est-ce que la géographie du développement ? Une seule étude des pays dits "des Suds" ? Ou bien plutôt une approche théorique sur les mécanismes territoriaux du développement, ses processus, ses résultats socio-économiques ? Les nouveaux équilibres mondiaux comme les urgences sociales et environnementales nous invitent à repenser cette approche. Inverser le regard, penser autrement la globalisation, depuis les Suds, telle est l’ambition de cet ouvrage. Celui-ci se compose de quatre parties : après une première partie consacrée aux héritages du développement, il aborde les grands processus de la mondialisation des Suds, puis leurs dynamiques socio-spatiales internes. Il interroge enfin leur place dans le monde aujourd’hui, à travers une typologie inédite. Un ouvrage illustré de nombreuses cartes originales, de tableaux et d’exemples précis proposés sous forme d’encadrés. Avec la cartographie d'Olivier Ninot, docteur docteur en géographie, spécialiste des transports en Afrique, ingénieur de recherche au CNRS. |
| 700 10 - ADDED ENTRY--PERSONAL NAME | |
| Personal name | Sanjuan, Thierry |
| Relator term | author |
| 856 41 - ELECTRONIC LOCATION AND ACCESS | |
| Uniform Resource Identifier | <a href="https://shs.cairn.info/geographie-du-developpement--9782200614782?lang=fr&redirect-ssocas=7080">https://shs.cairn.info/geographie-du-developpement--9782200614782?lang=fr&redirect-ssocas=7080</a> |
Pas d'exemplaire disponible.




Réseaux sociaux